Countries With the Most Greek People - Statistics

General Stats
  • This quiz has been taken 83 times
  • The average score is 12 of 15
Answer Stats
Hint Answer % Correct
~10.000.000 Greece
100%
~400.000 United Kingdom
96%
~3.000.000 United States
96%
~200.000 Italy
91%
271.400 Canada
88%
422.000 Australia
87%
85.600 Russia
87%
~300.000 Albania
84%
443.000 Germany
84%
721.000 Cyprus
82%
50.000 Brazil
78%
110.000 Egypt
62%
91.000 Ukraine
57%
138.000 South Africa
44%
100.000 Chile
34%
No matching quizzes found
Score Distribution
Percent of People with Each Score
Percentile by Number Answered
Your Score History
You have not taken this quiz